000 01132cam a2200181 4500
001 X110859
008 000000n2000 000 0 eng u
035 _a(Sirsi) u110859
245 _aEasement: car parking
260 _c2000
490 _aEstates Gazette Case Summaries
_v[2000] EGCS 143 (09/12/2000)
520 _a"Saeed v Plustrade Ltd", ChD 28 November 2000. Lease of claimant's flat granting parking rights over areas adjoining block - limited number of lessees so entitled - landlord having right to specify parking places - claimant and other eligible lessees parking on forecourt - landlord excluding all cars from forecourt while carrying out work preparatory to new lettings - landlord claiming right to terminate parkings rights on forecourt - landlord offering four spaces to eligible lessees - whether landlord so permitted by lease - whether landlord's past and intended conduct amounted to substantial interference. TAKEN FROM JOURNAL HEADNOTE.
650 _aSAEED V PLUSTRADE
650 _aCAR PARKING
650 _aEASEMENTS
690 _aLANDLORD AND TENANT-RESIDENTIAL TENANCIES-CASE LAW
942 _n0
999 _c66088
_d66088